[Event "Titled Tuesday intern op 06th Feb Early"]
[Site "Chess.com INT"]
[Date "2024.02.06"]
[Round "7"]
[White "Singh, Ojasva"]
[Black "Niemann, Hans Moke"]
[Result "0-1"]
[WhiteElo "2314"]
[BlackElo "2675"]
[PlyCount "78"]
[EventDate "2024.02.06"]
[EventType "swiss (blitz)"]
[EventRounds "11"]
[EventCountry "USA"]
[SourceTitle "CB07_2024"]
[SourceDate "2024.02.14"]
[SourceVersion "1"]
[SourceVersionDate "2024.02.14"]
[SourceQuality "1"]

1. e4 c5 2. Nf3 d6 3. d4 cxd4 4. Nxd4 Nf6 5. Nc3 a6 6. h3 b5 7. g4 Bb7 8. Bg2 e6 9. a3 Nbd7 10. g5 Ng8 11. h4 Rc8 12. Qe2 Ne7 13. Bd2 g6 14. h5 Bg7 15. Nb3 Rg8 16. hxg6 hxg6 17. Rh7 Qc7 18. f4 Nb6 19. Na5 Ba8 20. Bh3 Qc5 21. 0-0-0 Qc7 22. f5 gxf5 23. exf5 exf5 24. Bxf5 Rb8 25. g6 fxg6 26. Be6 Bxc3 27. Bxc3 Rf8 28. Rf1 Nd7 29. Bxd7+ Qxd7 30. Rxf8+ Kxf8 31. Rh8+ Ng8 32. Qf2+ Qf7 33. Qe2 Re8 34. Qd3 Bd5 35. b3 Qf5 36. Qd4 Re7 37. Kb2 Ke8 38. Qb6 Kf7 39. Qc6 Bxc6 0-1

[Event "Qatar Masters op"]
[Site "Doha"]
[Date "2023.10.19"]
[Round "8"]
[White "Singh, Ojasva"]
[Black "Seemann, Jakub"]
[Result "1/2-1/2"]
[WhiteElo "2324"]
[BlackElo "2431"]
[PlyCount "42"]
[EventDate "2023.10.11"]
[EventType "swiss"]
[EventRounds "9"]
[EventCountry "QAT"]
[SourceTitle "Mega2024 Update 01"]
[Source "Chessbase"]
[SourceDate "2023.11.12"]
[SourceVersion "1"]
[SourceVersionDate "2023.11.12"]
[SourceQuality "1"]

1. e4 c6 2. Nf3 d5 3. Nc3 dxe4 4. Nxe4 Nf6 5. Qe2 Nxe4 6. Qxe4 Nd7 7. Bc4 Nf6 8. Ne5 e6 9. Qe2 b5 10. Bd3 Qc7 11. b3 Bd6 12. Bb2 Nd5 13. 0-0 Nf4 14. Qe3 Nxd3 15. Nxd3 0-0 16. Bxg7 Kxg7 17. Qg5+ Kh8 18. Qf6+ Kg8 19. Qg5+ Kh8 20. Qf6+ Kg8 21. Qg5+ Kh8 1/2-1/2

[Event "Qatar Masters op"]
[Site "Doha"]
[Date "2023.10.14"]
[Round "4"]
[White "Singh, Ojasva"]
[Black "Begmuratov, Khumoyun"]
[Result "0-1"]
[WhiteElo "2324"]
[BlackElo "2374"]
[PlyCount "64"]
[EventDate "2023.10.11"]
[EventType "swiss"]
[EventRounds "9"]
[EventCountry "QAT"]
[SourceTitle "Mega2024 Update 01"]
[Source "Chessbase"]
[SourceDate "2023.11.12"]
[SourceVersion "1"]
[SourceVersionDate "2023.11.12"]
[SourceQuality "1"]

1. e4 c5 2. Nf3 d6 3. d4 cxd4 4. Nxd4 Nf6 5. Nc3 a6 6. h3 e5 7. Nb3 Be6 8. f4 g6 9. Be2 Nbd7 10. 0-0 Rc8 11. Qe1 Be7 12. Be3 Qc7 13. Rd1 0-0 14. f5 Bc4 15. Bh6 Rfe8 16. Bxc4 Qxc4 17. Bg5 b5 18. Qh4 b4 19. Nd5 Nxd5 20. Rxd5 f6 21. fxg6 hxg6 22. Qg4 f5 23. Qg3 Qxe4 24. Bxe7 Rxe7 25. Rxd6 Nf8 26. Re1 Qb7 27. Rxe5 Rxe5 28. Qxe5 Rxc2 29. Rd5 Rxb2 30. Nc5 Qg7 31. Qe8 Qc3 32. Nd3 Qd2 0-1

[Event "Titled Tuesday intern op 16th May Early"]
[Site "Chess.com INT"]
[Date "2023.05.16"]
[Round "1"]
[White "Rosenberg, Evan"]
[Black "Singh, Ojasva"]
[Result "0-1"]
[WhiteElo "1956"]
[BlackElo "2328"]
[PlyCount "82"]
[EventDate "2023.05.16"]
[EventType "swiss (blitz)"]
[EventRounds "11"]
[EventCountry "USA"]
[SourceTitle "CBM 214 Extra"]
[Source "ChessBase"]
[SourceDate "2023.07.31"]
[SourceVersion "1"]
[SourceVersionDate "2023.07.31"]
[SourceQuality "1"]

1. d4 d5 2. Nf3 Nf6 3. c3 Bf5 4. Qb3 Qc8 5. c4 e6 6. cxd5 exd5 7. Nc3 Be7 8. Bf4 c6 9. Rc1 0-0 10. h3 Re8 11. e3 Nbd7 12. Be2 h6 13. 0-0 b6 14. Nb5 Qb7 15. Nc7 a5 16. Nxa8 Rxa8 17. a3 Ne4 18. Rfd1 a4 19. Qa2 g5 20. Bh2 b5 21. Ne5 Nxe5 22. Bxe5 f6 23. Bh2 Qd7 24. g4 Bg6 25. f3 Nd6 26. Bd3 f5 27. Qb1 Rf8 28. Rd2 Nc4 29. Bxc4 bxc4 30. Be5 Qe6 31. Qc2 fxg4 32. Qxa4 Rxf3 33. Rf2 Rxf2 34. Kxf2 gxh3 35. Qa8+ Bf8 36. Rf1 Bd3 37. Rh1 Qg4 38. Rg1 Qe2+ 39. Kg3 Qxe3+ 40. Kh2 Qf2+ 41. Kh1 Be4+ 0-1

[Event "Titled Tuesday intern op 02nd May Early"]
[Site "Chess.com INT"]
[Date "2023.05.02"]
[Round "2"]
[White "Kuzubov, Yuriy"]
[Black "Singh, Ojasva"]
[Result "1-0"]
[WhiteElo "2624"]
[BlackElo "2328"]
[PlyCount "69"]
[EventDate "2023.05.02"]
[EventType "swiss (blitz)"]
[EventRounds "11"]
[EventCountry "USA"]
[SourceTitle "EXT 2024"]
[Source "ChessBase"]
[SourceDate "2023.10.10"]
[SourceVersion "1"]
[SourceVersionDate "2023.10.10"]
[SourceQuality "1"]

1. d4 d5 2. c4 c6 3. Nf3 Nf6 4. Nc3 e6 5. Bg5 Nbd7 6. e3 h6 7. Bh4 g5 8. Bg3 Nh5 9. Qc2 Nxg3 10. hxg3 Bg7 11. Be2 Qe7 12. a3 dxc4 13. Bxc4 e5 14. 0-0 0-0 15. Rad1 Nb6 16. Ba2 Bg4 17. dxe5 Bxf3 18. gxf3 Qxe5 19. f4 Qc5 20. Rd3 Rad8 21. Rfd1 Rxd3 22. Qxd3 Bxc3 23. bxc3 Kg7 24. Bb1 Rh8 25. Ba2 Nd5 26. Bxd5 cxd5 27. fxg5 hxg5 28. Qf5 Qxc3 29. Qxg5+ Kf8 30. Qxd5 Qf6 31. Qxb7 a6 32. Qc8+ Kg7 33. Qg4+ Kh7 34. Kg2 Qc6+ 35. e4 1-0

[Event "Titled Tuesday intern op 02nd May Early"]
[Site "Chess.com INT"]
[Date "2023.05.02"]
[Round "3"]
[White "Singh, Ojasva"]
[Black "Rangel, Daniel"]
[Result "1-0"]
[WhiteElo "2328"]
[BlackElo "2207"]
[PlyCount "73"]
[EventDate "2023.05.02"]
[EventType "swiss (blitz)"]
[EventRounds "11"]
[EventCountry "USA"]
[SourceTitle "EXT 2024"]
[Source "ChessBase"]
[SourceDate "2023.10.10"]
[SourceVersion "1"]
[SourceVersionDate "2023.10.10"]
[SourceQuality "1"]

1. e4 c5 2. Nf3 g6 3. d4 cxd4 4. Nxd4 Bg7 5. c4 Nc6 6. Be3 Nf6 7. Nc3 0-0 8. Be2 Nxd4 9. Bxd4 d6 10. 0-0 Bd7 11. Qd2 Bc6 12. f3 Nd7 13. Be3 a5 14. b3 Nc5 15. Rab1 Qb6 16. Rfc1 Rfc8 17. Rc2 h5 18. Bf1 Qd8 19. a3 Kh7 20. b4 axb4 21. axb4 Na4 22. Ne2 Qh8 23. Nd4 Be8 24. f4 Rd8 25. f5 Nc5 26. fxg6+ fxg6 27. bxc5 dxc5 28. Rxb7 cxd4 29. Bg5 Ra1 30. Rxe7 Qf8 31. Qf2 Kg8 32. Rxg7+ Kxg7 33. Bh6+ Kxh6 34. Qxf8+ Kg5 35. Qe7+ Kh6 36. Qxd8 d3 37. Qxd3 1-0

[Event "Asian Continental Blitz op 19th"]
[Site "Delhi"]
[Date "2022.11.03"]
[Round "3"]
[White "Singh, Ojasva"]
[Black "Bilguun, Sumiya"]
[Result "0-1"]
[WhiteElo "2382"]
[BlackElo "2467"]
[PlyCount "45"]
[EventDate "2022.11.03"]
[EventType "swiss (blitz)"]
[EventRounds "9"]
[EventCountry "IND"]
[SourceTitle "EXT 2024"]
[Source "ChessBase"]
[SourceDate "2023.10.10"]
[SourceVersion "1"]
[SourceVersionDate "2023.10.10"]
[SourceQuality "1"]

1. e4 c5 2. Nf3 d6 3. d4 cxd4 4. Nxd4 Nf6 5. Nc3 a6 6. h3 g6 7. g4 Bg7 8. Be3 Nc6 9. Qd2 Bd7 10. Be2 h6 11. 0-0-0 Rc8 12. Kb1 b5 13. f3 Qc7 14. Nxc6 Bxc6 15. Rc1 Qb7 16. Rhd1 Nd7 17. Nd5 Ne5 18. f4 Bxd5 19. Qxd5 Qxd5 20. Rxd5 Nc4 21. Bf2 Bxb2 22. Rcd1 Bg7 23. Bd3 0-1

[Event "Asian Continental Blitz op 19th"]
[Site "Delhi"]
[Date "2022.11.03"]
[Round "8"]
[White "Singh, Ojasva"]
[Black "Sammed Jaykumar, Shete"]
[Result "1/2-1/2"]
[WhiteElo "2382"]
[BlackElo "2408"]
[PlyCount "88"]
[EventDate "2022.11.03"]
[EventType "swiss (blitz)"]
[EventRounds "9"]
[EventCountry "IND"]
[SourceTitle "EXT 2024"]
[Source "ChessBase"]
[SourceDate "2023.10.10"]
[SourceVersion "1"]
[SourceVersionDate "2023.10.10"]
[SourceQuality "1"]

1. e4 d6 2. d4 Nf6 3. Nc3 g6 4. Nf3 c6 5. Be2 Bg7 6. 0-0 0-0 7. a4 Bg4 8. Be3 a5 9. Nd2 Bxe2 10. Qxe2 Na6 11. e5 Nd5 12. Nxd5 cxd5 13. f4 Qd7 14. c3 Nc7 15. Qd1 Rac8 16. Qb3 Qc6 17. Rac1 dxe5 18. fxe5 Na8 19. c4 dxc4 20. Rxc4 Qd7 21. Rfc1 Rxc4 22. Nxc4 Rc8 23. Rc3 b6 24. Nxb6 Rxc3 25. bxc3 Nxb6 26. Qxb6 h5 27. Qxa5 Qg4 28. Qa8+ Kh7 29. Qf3 Qe6 30. a5 Qa2 31. h3 Qxa5 32. Qxf7 Qxc3 33. Qf3 Qc4 34. Qe4 Qe2 35. Qf3 Qe1+ 36. Kh2 Qb1 37. Bg5 Qb4 38. Qe3 Qb7 39. Qf3 Qd7 40. Qe4 Qe6 41. Qf4 Qd7 42. Qf7 Qxd4 43. Qxe7 Qxe5+ 44. Qxe5 Bxe5+ 1/2-1/2

[Event "Asian Continental op 19th"]
[Site "Delhi"]
[Date "2022.10.31"]
[Round "6"]
[White "Singh, Ojasva"]
[Black "Dushyant, Sharma"]
[Result "1/2-1/2"]
[WhiteElo "2382"]
[BlackElo "2370"]
[PlyCount "74"]
[EventDate "2022.10.26"]
[EventType "swiss"]
[EventRounds "9"]
[EventCountry "IND"]
[SourceTitle "EXT 2024"]
[Source "ChessBase"]
[SourceDate "2023.10.10"]
[SourceVersion "1"]
[SourceVersionDate "2023.10.10"]
[SourceQuality "1"]

1. e4 c5 2. Nf3 d6 3. d4 cxd4 4. Nxd4 Nf6 5. Nc3 Nc6 6. Bg5 Bd7 7. Qd3 Rc8 8. f4 Nb4 9. Qe2 Qb6 10. Nb3 a6 11. Bxf6 gxf6 12. a3 Nc6 13. Nd5 Qd8 14. 0-0-0 e6 15. Ne3 b5 16. Qh5 Be7 17. Ng4 Na5 18. Kb1 Nc4 19. Bd3 a5 20. e5 d5 21. f5 fxe5 22. Nxe5 Nxe5 23. fxe6 Bxe6 24. Qxe5 Bf6 25. Bxb5+ Kf8 26. Qf4 Rg8 27. Rhf1 Rxg2 28. Bd3 Bg7 29. Nd4 Kg8 30. Rg1 Rxg1 31. Rxg1 Kh8 32. Nf5 Bxb2 33. Kxb2 Qb6+ 34. Ka2 Qxg1 35. Qe5+ Kg8 36. Ne7+ Kf8 37. Nxc8 Bxc8 1/2-1/2